|
|
|
|
| LEADER |
00000cam a2200000 7i4500 |
| 001 |
0000008333 |
| 002 |
000009085 |
| 005 |
20000330.0 |
| 020 |
|
|
|a 0801607957
|
| 090 |
0 |
0 |
|a 338.5
|b BRE
|
| 100 |
1 |
|
|a Breit, William
|f Ph.D
|
| 245 |
1 |
0 |
|a Reading in microeconomics
|c William Breit,PhD
|
| 260 |
|
|
|a St.Louis :
|b Times Mirror/Mosby College Publishing ,
|c 1986
|
| 300 |
|
|
|a 481p. ;
|c 23cm.
|
| 650 |
0 |
0 |
|a Microeconomics
|x Addresses,essays,lectures
|
| 700 |
1 |
|
|a Breit, William
|
| 700 |
1 |
|
|a Hochman, Harold M
|
| 700 |
1 |
|
|a Saueracker, Edward
|
| 999 |
|
|
|a 020777
|b BUKU
|c PINJAMAN
|e PERPUSTAKAAN KOMUNITI PETALING JAYA
|